LEADER 00913nam a2200193 i 4500 001 000000217914 003 CaOOAMICUS 005 20130104000000.0 008 130104s1955 it u000 u ita u 013 $a196811 040 $aSeMil$bita 245 10$aIn nomine domini :$bscritti in onore dell'arcivescovo di Milano S. E. Mons. Giovanni Battista Montini. 260 $aMilano :$bComitato Nuove Chiese,$c1955. 300 $a141 p., [2] c. di tav. :$bill. ;$c27 cm. 650 4$aMontini, Giovanni Battista <1897-1978> - Pastorale - Milano.$0(OLS)http://semarc/subject/40387 850 $aSeMil 852 $aSeMil$W1$xVenegono$y1$m3O VI 64$j168328$B168328$CSeMilBibl$Z2$F179145 $81 996 $6245$aIn nomine domini :$bscritti in onore dell'arcivescovo di Milano S. E. Mons. Giovanni Battista Montini$9(OLS)http://semarc/title/313040 996 $6260$aMilano :$bComitato Nuove Chiese$9(OLS)http://semarc/publisher/40531 LEADER 01194nam a2200253 i 4500 001 000000051374 003 CaOOAMICUS 005 20080226000000.0 008 080226s1971 it u000 u ita u 013 $a22546 040 $aSeMil$bita 100 1 $aBascapè, Giacomo Carlo,$d<1902-1993>.$0(OLS)http://semarc/name/10607 245 10$aMorosolo di Varese :$bnote di storia e d'arte /$cGiacomo C. Bascapé ; prefazione di Leopoldo Giampaolo. 260 $aVarese :$bPubblicazioni della Società Storica Varesina,$c1971. 300 $a91 p., ill. ;$c24 cm. 500 $aIn preliminari: Dedica autografa al cardinale. - Fondo card. Giovanni Colombo. 650 4$aVarese - Storia.$0(OLS)http://semarc/subject/23481 700 1 $aGiampaolo, Leopoldo,$c.$0(OLS)http://semarc/name/2240 850 $aSeMil 852 $aSeMil$W1$xVenegono$y1$m3P IV 237 °$j17529$B17529$CSeMilBibl$Z2$F17530 $81 941 1 $a3 961 $aLascito: Colombo Card. Giovanni 996 $6245$aMorosolo di Varese :$bnote di storia e d'arte$9(OLS)http://semarc/title/78656 996 $6260$aVarese :$bPubblicazioni della Società Storica Varesina$9(OLS)http://semarc/publisher/41348